| 000 | 00445nam a2200157 i 4500 | ||
|---|---|---|---|
| 001 | 52558 | ||
| 003 | ES-MaACL | ||
| 005 | 20230906162613.0 | ||
| 007 | t| | ||
| 008 | 030901s1956 xxu ||||1| eng d | ||
| 100 | 1 |
_aDavis, Dorothy Salisbury. _942959 |
|
| 245 | 1 | 0 |
_aMen of no property / _cDorothy Salisbury Davis. |
| 260 |
_aNew York : _bCharles Scribner's Sons, _c[1956] |
||
| 300 |
_a438 p. ; _c22 cm. |
||
| 852 |
_aES-MaACL _jC-25299 _bR.53948 |
||
| 999 |
_c52558 _d52558 |
||